| 000 | 00958nac a22002897a 4500 | ||
|---|---|---|---|
| 001 | BR9001897 | ||
| 003 | BR-BrBNA | ||
| 005 | 20240105121113.0 | ||
| 008 | 230509b bl.|||m| |||| 00| 0 por d | ||
| 040 |
_aBR-BrBNA _bpor _cBiblioteca Nacional de Agricultura |
||
| 072 | _aH10 | ||
| 090 | _a4020 BR9001897 | ||
| 100 | 1 | _aLede, E.T. | |
| 100 | 1 | _aPenteado, S. do R.C. | |
| 100 | 1 | _aBisol, J.C. | |
| 110 | 1 |
_aCentro Nacional de Pesquisa de Florestas, Curitiba, PR (Brasil) _91765 |
|
| 245 | 1 | _aPrimeiro registro de ataque de Sirex noctilio em Pinus taeda no Brasil | |
| 260 | 3 |
_aCuritiba, PR (Brasil): _c1988. |
|
| 300 | _a12 p. | ||
| 490 |
_aCircular Tecnica - Centro Nacional de Pesquisa de Florestas (Brazil) _vno. 20 _xISSN 0101-1847 |
||
| 500 | _aSummaries (En, Pt); 20 ref. | ||
| 650 | _aPINHEIRO | ||
| 650 | _aVESPA-DA-MADEIRA | ||
| 650 | _aRIO GRANDE DO SUL | ||
| 909 |
_a202312 _bLúcia Elande _c55 _dLúcia Elande |
||
| 942 |
_2AGRIS _n0 _cMS |
||
| 999 |
_c283321 _d283321 |
||